000 00717nam a22001577a 4500
003 OSt
005 20161022141917.0
008 161022b xxu||||| |||| 00| 0 eng d
040 _cRUA
082 _aRUB SOK 2015 B476 Or.1
100 _910841
_aSOK CHANTON; សុខ​ ចន្ថន
245 _aGrowth and latex yield on 4 rubber clones in swift resources (cambodia) limited, ការលូតលាស់និងទិន្នផលជ័រកៅស៊ូចំនួន ៤ក្លូន នៅក្នុងក្រុមហ៊ុនស្វីហ្វរីសស៏ (ខេមបូឌា) លីមីធីត
260 _aRUA
_bSOK
_c2015
300 _axi,53p.
_bill.
_c29cm.
942 _2ddc
_cRUB
999 _c10436
_d10436